| 000 | 00000nam 2200000zi 4500 |
| 001 | 9.921123 |
| 003 | CaOODSP |
| 005 | 20230508101631 |
| 006 | m o d f |
| 007 | cr cn||||||||| |
| 008 | 230320t20222023quc o f000 0 fre d |
| 020 | |a9780660480954 |
| 040 | |aCaOODSP|bfre|erda|cCaOODSP |
| 043 | |an-cn--- |
| 086 | 1 |aCH6-65/2023F-PDF |
| 245 | 00|aAudit du cadre de contrôle du volet incitatifs aux fonds de dotation du Fonds du Canada pour l'investissement en culture / |cBureau de la dirigeante principale de l'audit. |
| 264 | 1|a[Gatineau, Québec] : |bPatrimoine canadien = Canadian Heritage, |cNovembre 2022. |
| 264 | 4|c©2023 |
| 300 | |a1 ressource en ligne (ii, 5 pages) |
| 336 | |atexte|btxt|2rdacontent/fre |
| 337 | |ainformatique|bc|2rdamedia/fre |
| 338 | |aressource en ligne|bcr|2rdacarrier/fre |
| 500 | |aTitre de la couverture. |
| 500 | |aPublié aussi en anglais sous le titre : Audit of the control framework of the endowment incentives component of the Canada Cultural Investment Fund. |
| 610 | 16|aCanada. |bPatrimoine canadien|xAudit. |
| 650 | 6|aAide de l'État aux arts|zCanada|xAudit. |
| 710 | 1 |aCanada. |bPatrimoine canadien. |bBureau du dirigeant principal de la vérification, |eorganisme de publication. |
| 775 | 08|tAudit of the control framework of the endowment incentives component of the Canada Cultural Investment Fund / |w(CaOODSP)9.921122 |
| 856 | 40|qPDF|s501 Ko|uhttps://publications.gc.ca/collections/collection_2023/pch/CH6-65-2023-fra.pdf |
| 856 | 4 |qHTML|sS.O.|uhttps://www.canada.ca/fr/patrimoine-canadien/organisation/publications/audits/audit-volet-incitatifs.html |